=LDR 00000nam 2200000 4500 =001 NUTBA000000000005035 =990 ##$$a 21411737 =005 20141016144554.0 =990 ##$$a 21411738 =006 =990 ##$$a 21411739 =007 =990 ##$$a 21411740 =008 =990 ##$$a 21411741 =020 ##$$a 979-692-827-2 =035 ##$$a 0010-101400000000265 =040 ##$$a NBPDMAT =090 ##$$a 028.5 $b Sar s =100 ##$$a Sari Pusparini Soleh =245 ##$$a Surat untuk ibu negara/ $c Sari Pusparini Soleh =260 ##$$a Bandung : $b Remaja Rosda Karya $c 2008 =300 ##$$a970 hlm. : $b ilus. ; $c 23 cm. =650 ##$$a Bacaan kanak-kanak =850 ##$$a NBPDMAT